[Event "SVK-chT2D 1516"]
[Site "Slovakia"]
[Date "2016.03.12"]
[Round "10.6"]
[White "Sromovsky, Jozef"]
[Black "Gajdos, Jozef"]
[Result "1-0"]
[WhiteElo "1954"]
[BlackElo "2019"]
[PlyCount "63"]
[EventDate "2015.10.17"]
[EventType "team-tourn"]
[EventRounds "11"]
[EventCountry "SVK"]
[SourceTitle "EXT 2017"]
[Source "ChessBase"]
[SourceDate "2016.10.25"]
[SourceVersion "1"]
[SourceVersionDate "2016.10.25"]
[SourceQuality "1"]
[WhiteTeam "Spisska Stara Ves"]
[BlackTeam "Kosice Dynamo"]
[WhiteTeamCountry "SVK"]
[BlackTeamCountry "SVK"]

1. Nf3 Nf6 2. b3 d5 3. Bb2 e6 4. e3 Be7 5. Be2 0-0 6. 0-0 b6 7. d4 Bb7 8. Nbd2 c5 9. c4 cxd4 10. Nxd4 Nbd7 11. a3 Rc8 12. Rc1 Re8 13. cxd5 Bxd5 14. Bb5 Rxc1 15. Qxc1 Qa8 16. Bc6 Bxc6 17. Qxc6 Ne5 18. Qb5 Bc5 19. b4 a6 20. Qe2 Bd6 21. Rc1 Rc8 22. Nc4 Nxc4 23. Rxc4 b5 24. Rc2 Qb8 25. h3 Nd7 26. Nc6 Qb7 27. Qg4 g6 28. Qd4 Be5 29. Nxe5 Rxc2 30. Nxd7 f6 31. Nxf6+ Kg7 32. Ne4+ 1-0

[Event "SVK-chT2D 1516"]
[Site "Slovakia"]
[Date "2016.01.24"]
[Round "7.6"]
[White "Paluch, Ladislav"]
[Black "Sromovsky, Jozef"]
[Result "1-0"]
[WhiteElo "1985"]
[BlackElo "1954"]
[PlyCount "61"]
[EventDate "2015.10.17"]
[EventType "team-tourn"]
[EventRounds "11"]
[EventCountry "SVK"]
[SourceTitle "EXT 2017"]
[Source "ChessBase"]
[SourceDate "2016.10.25"]
[SourceVersion "1"]
[SourceVersionDate "2016.10.25"]
[SourceQuality "1"]
[WhiteTeam "Velke Kapusany"]
[BlackTeam "Spisska Stara Ves"]
[WhiteTeamCountry "SVK"]
[BlackTeamCountry "SVK"]

1. d4 Nf6 2. c4 g6 3. Nc3 Bg7 4. e4 d6 5. f4 0-0 6. Nf3 c5 7. d5 e5 8. fxe5 dxe5 9. Be2 Ne8 10. Bg5 f6 11. Bh4 Nd6 12. 0-0 Qe7 13. a3 Bg4 14. b4 Nd7 15. Qb3 Rac8 16. h3 Bxf3 17. Rxf3 Bh6 18. Raf1 Bd2 19. Qc2 Bxc3 20. Rxc3 a5 21. bxa5 Ra8 22. Bg4 Rxa5 23. Bxd7 Qxd7 24. Bxf6 Qf7 25. Rcf3 Qe8 26. Bg5 Rxf3 27. Rxf3 b5 28. Rf6 Qe7 29. Rxg6+ hxg6 30. Bxe7 Nxc4 31. Bxc5 1-0

[Event "SVK-chT2D 1516"]
[Site "Slovakia"]
[Date "2015.12.06"]
[Round "6.5"]
[White "Veselovsky, Jan"]
[Black "Sromovsky, Jozef"]
[Result "0-1"]
[WhiteElo "2031"]
[BlackElo "1954"]
[PlyCount "34"]
[EventDate "2015.10.17"]
[EventType "team-tourn"]
[EventRounds "11"]
[EventCountry "SVK"]
[SourceTitle "CBM 170 Extra"]
[Source "ChessBase"]
[SourceDate "2016.02.25"]
[SourceVersion "1"]
[SourceVersionDate "2016.02.25"]
[SourceQuality "1"]
[WhiteTeam "Bardejov II"]
[BlackTeam "Spisska Stara Ves"]
[WhiteTeamCountry "SVK"]
[BlackTeamCountry "SVK"]

1. e4 c5 2. Nf3 e6 3. d4 cxd4 4. Nxd4 a6 5. Nc3 Qc7 6. Be3 Nf6 7. g3 Bb4 8. f3 Bxc3+ 9. bxc3 Qxc3+ 10. Kf2 Qc7 11. c4 b6 12. Qb3 d6 13. Rb1 Nbd7 14. Be2 Rb8 15. Rhd1 0-0 16. Qb2 Nc5 17. Qd2 Ncxe4+ 0-1

[Event "SVK-chT2D 1516"]
[Site "Slovakia"]
[Date "2015.10.17"]
[Round "1.5"]
[White "Sromovsky, Jozef"]
[Black "Michel, Norbert"]
[Result "1-0"]
[WhiteElo "1954"]
[BlackElo "1933"]
[PlyCount "87"]
[EventDate "2015.10.17"]
[EventType "team-tourn"]
[EventRounds "11"]
[EventCountry "SVK"]
[SourceTitle "CBM 169 Extra"]
[Source "ChessBase"]
[SourceDate "2015.12.18"]
[SourceVersion "1"]
[SourceVersionDate "2015.12.18"]
[SourceQuality "1"]
[WhiteTeam "Spisska Stara Ves"]
[BlackTeam "Kosice Slavia UPJS III"]
[WhiteTeamCountry "SVK"]
[BlackTeamCountry "SVK"]

1. Nf3 c5 2. c4 Nc6 3. d4 cxd4 4. Nxd4 d6 5. Nc3 g6 6. Nxc6 bxc6 7. e3 Bg7 8. Qc2 Nf6 9. Be2 0-0 10. 0-0 c5 11. a4 Nd7 12. Rd1 Rb8 13. a5 a6 14. f4 Nf6 15. Bf3 Bb7 16. e4 Qc7 17. Qe2 Bc6 18. h4 h5 19. Rd3 Qb7 20. Nd5 Rfe8 21. Raa3 Bd7 22. Nxf6+ Bxf6 23. e5 Qb4 24. Rab3 Qxb3 25. Rxb3 Rxb3 26. exf6 exf6 27. Qd1 Ba4 28. Kh2 Rb4 29. Qd5 Rd8 30. Bd2 Rbb8 31. Bc3 Kg7 32. Qg5 Re8 33. Bxf6+ Kh7 34. Bxh5 Bd7 35. Bg4 Bxg4 36. Qxg4 Re6 37. Bc3 Rbe8 38. f5 Re4 39. Qg5 Rg8 40. h5 Rxc4 41. hxg6+ fxg6 42. Qe7+ Kh6 43. Bd2+ g5 44. Qe6+ 1-0

[Event "SVK-chT2C 1314"]
[Site "Slovakia"]
[Date "2013.10.20"]
[Round "2.7"]
[White "Longauer, Igor"]
[Black "Sromovsky, Jozef"]
[Result "0-1"]
[WhiteElo "1822"]
[BlackElo "2012"]
[PlyCount "86"]
[EventDate "2013.10.19"]
[EventType "team-tourn"]
[EventRounds "11"]
[EventCountry "SVK"]
[SourceTitle "EXT 2015"]
[Source "ChessBase"]
[SourceDate "2014.11.20"]
[SourceVersion "1"]
[SourceVersionDate "2014.11.20"]
[SourceQuality "1"]
[WhiteTeam "Zvolen Slavia"]
[BlackTeam "Liptov Chess School II"]
[WhiteTeamCountry "SVK"]
[BlackTeamCountry "SVK"]

1. e4 c5 2. Nf3 e6 3. c4 d6 4. d4 cxd4 5. Nxd4 Nf6 6. Nc3 a6 7. Be3 Be7 8. Be2 0-0 9. 0-0 Nc6 10. f3 Nd7 11. a3 Nde5 12. Na4 Bd7 13. Nxc6 Bxc6 14. Nb6 Rb8 15. b4 f5 16. exf5 Rxf5 17. f4 Nd7 18. Nxd7 Qxd7 19. Bf3 Rbf8 20. Qd2 Kh8 21. Rad1 Bxf3 22. Rxf3 Qc6 23. Qe2 e5 24. Rd5 b5 25. g4 bxc4 26. Qd1 R5f7 27. f5 c3 28. Bc1 Qc4 29. Rg3 g6 30. Qd3 Qxd3 31. Rdxd3 gxf5 32. gxf5 Rxf5 33. Rxc3 Bh4 34. Rg4 Bf2+ 35. Kg2 h5 36. Rg6 Bd4 37. Rh6+ Kg8 38. Rg3+ Kf7 39. Rxd6 Rc8 40. Bh6 Ke7 41. Rxa6 Rf2+ 42. Kh3 e4 43. Rg7+ Bxg7 0-1

[Event "SVK-ch U16"]
[Site "Lubovna"]
[Date "2013.04.12"]
[Round "8"]
[White "Macko, Peter"]
[Black "Sromovsky, Jozef"]
[Result "1-0"]
[WhiteElo "1672"]
[BlackElo "1125"]
[PlyCount "53"]
[EventDate "2013.04.06"]
[EventType "swiss"]
[EventRounds "9"]
[EventCountry "SVK"]
[SourceTitle "CBM 153 Extra"]
[Source "ChessBase"]
[SourceDate "2013.04.22"]
[SourceVersion "1"]
[SourceVersionDate "2013.04.22"]
[SourceQuality "1"]

1. d4 d5 2. c4 e6 3. Nc3 Nf6 4. Nf3 Bb4 5. Bf4 0-0 6. e3 Ne4 7. Qb3 Bxc3+ 8. bxc3 c6 9. cxd5 cxd5 10. Bd3 Nf6 11. 0-0 Nc6 12. Rab1 Nh5 13. Bg5 f6 14. Bh4 Qe8 15. g4 g5 16. Bg3 Nxg3 17. hxg3 h5 18. gxh5 Qxh5 19. Kg2 g4 20. Nh4 Ne7 21. Rh1 Qg5 22. Rh2 e5 23. Rbh1 b6 24. Ng6 Kf7 25. Rh7+ Ke6 26. Rxe7+ Kd6 27. Qb4+ 1-0

[Event "SVK-chT1E 1213"]
[Site "Slovakia"]
[Date "2013.02.23"]
[Round "8.1"]
[White "Sromovsky, Jozef"]
[Black "Marsina, Stefan"]
[Result "1-0"]
[WhiteElo "2012"]
[BlackElo "1956"]
[PlyCount "97"]
[EventDate "2012.10.20"]
[EventType "team-tourn"]
[EventRounds "11"]
[EventCountry "SVK"]
[SourceTitle "EXT 2015"]
[Source "ChessBase"]
[SourceDate "2014.11.20"]
[SourceVersion "1"]
[SourceVersionDate "2014.11.20"]
[SourceQuality "1"]
[WhiteTeam "Kezmarok"]
[BlackTeam "Rajecke Teplice"]
[WhiteTeamCountry "SVK"]
[BlackTeamCountry "SVK"]

1. Nf3 Nf6 2. b3 d5 3. Bb2 e6 4. d4 c5 5. e3 Nc6 6. Nbd2 Be7 7. a3 0-0 8. Be2 Bd7 9. 0-0 Rc8 10. dxc5 Bxc5 11. b4 Be7 12. c4 a6 13. Qb3 Ne4 14. Nxe4 dxe4 15. Nd2 f5 16. Rad1 Bf6 17. c5 Qe7 18. Nc4 Bxb2 19. Qxb2 e5 20. Nd6 Rb8 21. Qc3 Rf6 22. g3 Nd8 23. Rd5 Nc6 24. a4 Be6 25. Rd2 Rg6 26. b5 axb5 27. axb5 f4 28. Nxe4 Bg4 29. Bxg4 Rxg4 30. Qb3+ Kh8 31. bxc6 f3 32. Rd7 Qe8 33. Nd6 bxc6 34. Nf7+ Kg8 35. Nh6+ Kh8 36. Qxb8 Qxb8 37. Nf7+ Kg8 38. Rd8+ Qxd8 39. Nxd8 Rc4 40. Nxc6 Rxc5 41. Ne7+ Kf7 42. Nf5 g6 43. Nd6+ Ke7 44. Ne4 Rc8 45. Ng5 Rf8 46. Nxh7 Rf5 47. g4 Rf7 48. Ng5 Rf8 49. h3 1-0

[Event "SVK-chT1E 1213"]
[Site "Slovakia"]
[Date "2013.01.12"]
[Round "5.1"]
[White "Sromovsky, Jozef"]
[Black "Krajnak, Jan"]
[Result "1-0"]
[WhiteElo "2012"]
[BlackElo "2055"]
[PlyCount "49"]
[EventDate "2012.10.20"]
[EventType "team-tourn"]
[EventRounds "11"]
[EventCountry "SVK"]
[SourceTitle "EXT 2015"]
[Source "ChessBase"]
[SourceDate "2014.11.20"]
[SourceVersion "1"]
[SourceVersionDate "2014.11.20"]
[SourceQuality "1"]
[WhiteTeam "Kezmarok"]
[BlackTeam "Svit"]
[WhiteTeamCountry "SVK"]
[BlackTeamCountry "SVK"]

1. Nf3 d5 2. d4 Bg4 3. Nbd2 e6 4. e3 Bd6 5. Be2 Nd7 6. c4 c6 7. a3 dxc4 8. Nxc4 Bc7 9. 0-0 Ne7 10. e4 Bxf3 11. Bxf3 Ng6 12. g3 0-0 13. Qe2 b5 14. Ne3 Bb6 15. Rd1 Qe7 16. d5 exd5 17. exd5 Nde5 18. Bg2 f5 19. dxc6 f4 20. Nd5 Qg5 21. Nxb6 axb6 22. Qe4 Qh5 23. Bxf4 Rae8 24. c7 Kh8 25. Rd5 1-0

[Event "SVK-chT2D 1213"]
[Site "Slovakia"]
[Date "2012.12.16"]
[Round "6.7"]
[White "Pacholsky, Martin"]
[Black "Sromovsky, Jozef"]
[Result "1/2-1/2"]
[WhiteElo "1970"]
[BlackElo "2012"]
[PlyCount "85"]
[EventDate "2012.10.13"]
[EventType "team-tourn"]
[EventRounds "11"]
[EventCountry "SVK"]
[SourceTitle "EXT 2015"]
[Source "ChessBase"]
[SourceDate "2014.11.20"]
[SourceVersion "1"]
[SourceVersionDate "2014.11.20"]
[SourceQuality "1"]
[WhiteTeam "Margecany"]
[BlackTeam "Kezmarok II"]
[WhiteTeamCountry "SVK"]
[BlackTeamCountry "SVK"]

1. e4 c5 2. d4 cxd4 3. c3 e6 4. cxd4 d6 5. Nf3 Nf6 6. Nc3 Be7 7. Be2 0-0 8. 0-0 Nc6 9. h3 h6 10. Bf4 a6 11. a3 b5 12. b4 Bb7 13. Qd2 d5 14. e5 Ne4 15. Qd3 Qb6 16. Be3 Nxc3 17. Qxc3 a5 18. bxa5 Qxa5 19. Qb3 Ba6 20. Bd2 Qb6 21. Be3 Na5 22. Qb2 Rfc8 23. Rfc1 Qb7 24. Rab1 Qd7 25. Nd2 Nc4 26. Nxc4 bxc4 27. Bd2 Rc7 28. Bb4 Rb7 29. Qc3 Rab8 30. Rc2 Bxb4 31. Rxb4 Rxb4 32. axb4 Bb5 33. Rc1 Qe7 34. Bd1 Bc6 35. Rb1 Qa7 36. Bc2 Qb6 37. f4 Ra8 38. f5 exf5 39. Bxf5 Re8 40. Kh2 Qb8 41. Kg1 Qb7 42. Bc2 Qd7 43. Ra1 1/2-1/2

[Event "SVK-chT2D 1112"]
[Site "Slovakia"]
[Date "2012.01.28"]
[Round "8.6"]
[White "Krajnik, Richard"]
[Black "Sromovsky, Jozef"]
[Result "0-1"]
[WhiteElo "1848"]
[BlackElo "2028"]
[PlyCount "88"]
[EventDate "2011.10.08"]
[EventType "team-tourn"]
[EventRounds "11"]
[EventCountry "SVK"]
[SourceTitle "EXT 2013"]
[Source "ChessBase"]
[SourceDate "2012.11.22"]
[SourceVersion "1"]
[SourceVersionDate "2012.11.22"]
[SourceQuality "1"]
[WhiteTeam "Kosice Slavia UPJS III"]
[BlackTeam "Kezmarok KdV II"]
[WhiteTeamCountry "SVK"]
[BlackTeamCountry "SVK"]

1. e4 c5 2. Nf3 e6 3. Nc3 a6 4. a4 b6 5. Bc4 Qc7 6. 0-0 d6 7. d3 Nf6 8. Bg5 Be7 9. Re1 Nc6 10. Ne2 0-0 11. c3 h6 12. Bh4 Bd7 13. Qc2 Rfc8 14. Rac1 Qb7 15. Ba2 b5 16. axb5 axb5 17. Bb1 b4 18. Qd2 Na5 19. Qd1 Bc6 20. Bxf6 Bxf6 21. Ng3 bxc3 22. bxc3 Nb3 23. Nh5 Nxc1 24. Nxf6+ gxf6 25. Qxc1 Kg7 26. Qf4 e5 27. Qc1 Ra1 28. Nh4 Bd7 29. Nf3 Rb8 30. Nd2 Qb2 31. Qd1 Qxc3 32. h3 Rb2 33. Re3 Qxd2 34. Rg3+ Kf8 35. Qh5 Raxb1+ 36. Kh2 Qxf2 37. Qxh6+ Ke7 38. Qe3 Qf1 39. Rg5 Qh1+ 40. Kg3 Rxg2+ 41. Kh4 fxg5+ 42. Kh5 Qxh3+ 43. Qxh3 Bxh3 44. Kh6 Kf8 0-1

[Event "SVK-chT2D 1112"]
[Site "Slovakia"]
[Date "2011.12.03"]
[Round "5.5"]
[White "Sromovsky, Jozef"]
[Black "Nemergut, Patrik"]
[Result "1-0"]
[WhiteElo "2028"]
[BlackElo "1916"]
[PlyCount "63"]
[EventDate "2011.10.08"]
[EventType "team-tourn"]
[EventRounds "11"]
[EventCountry "SVK"]
[SourceTitle "EXT 2013"]
[Source "ChessBase"]
[SourceDate "2012.11.22"]
[SourceVersion "1"]
[SourceVersionDate "2012.11.22"]
[SourceQuality "1"]
[WhiteTeam "Kezmarok KdV II"]
[BlackTeam "Stara Lubovna"]
[WhiteTeamCountry "SVK"]
[BlackTeamCountry "SVK"]

1. Nf3 Nf6 2. b3 d5 3. Bb2 Bf5 4. a3 e6 5. e3 Bd6 6. d4 0-0 7. Be2 Nbd7 8. Nbd2 Ne4 9. 0-0 c6 10. c4 Qf6 11. Nxe4 Bxe4 12. Bd3 Qh6 13. h3 f5 14. Ne5 Bxe5 15. dxe5 Qg5 16. Bxe4 fxe4 17. Qg4 Rf5 18. cxd5 cxd5 19. Rac1 Qd8 20. f4 b6 21. Rc6 h5 22. Qe2 Nc5 23. b4 Qe8 24. Rc7 Nd3 25. Bd4 Qb5 26. g4 Rff8 27. f5 Rac8 28. Rxc8 Rxc8 29. f6 h4 30. g5 Qd7 31. g6 gxf6 32. exf6 1-0

[Event "Tatry op"]
[Site "Tatranske Zruby"]
[Date "2010.10.07"]
[Round "7"]
[White "Sromovsky, Jozef"]
[Black "Balko, Dominik"]
[Result "1-0"]
[WhiteElo "2034"]
[BlackElo "1881"]
[PlyCount "51"]
[EventDate "2010.10.02"]
[EventType "swiss"]
[EventRounds "9"]
[EventCountry "SVK"]
[SourceTitle "CBM 138 Extra"]
[Source "ChessBase"]
[SourceDate "2010.10.29"]
[SourceVersion "1"]
[SourceVersionDate "2010.10.29"]
[SourceQuality "1"]

1. Nf3 Nf6 2. b3 g6 3. Bb2 Bg7 4. d4 0-0 5. c4 c5 6. e3 d6 7. Be2 Na6 8. Nc3 cxd4 9. exd4 Nc7 10. 0-0 b6 11. Re1 Re8 12. Qc2 Bf5 13. Bd3 Bxd3 14. Qxd3 Qd7 15. b4 Ne6 16. g3 Nh5 17. Ne4 d5 18. Ned2 Nef4 19. Qe3 Bh6 20. Kh1 Nh3 21. Qxh6 Nxf2+ 22. Kg2 Nd3 23. Ng5 Nxe1+ 24. Rxe1 Nf6 25. Rf1 Qc6 26. b5 1-0

[Event "SVK-chT2D 0910"]
[Site "Slovakia"]
[Date "2010.02.07"]
[Round "9.5"]
[White "Bemak, Mikhail"]
[Black "Sromovsky, Jozef"]
[Result "0-1"]
[WhiteElo "2170"]
[BlackElo "2012"]
[PlyCount "60"]
[EventDate "2009.10.10"]
[EventType "team"]
[EventRounds "11"]
[EventCountry "SVK"]
[SourceTitle "EXT 2011"]
[Source "ChessBase"]
[SourceDate "2010.11.26"]
[SourceVersion "1"]
[SourceVersionDate "2010.11.26"]
[SourceQuality "1"]
[WhiteTeam "Velke Kapusany"]
[BlackTeam "Kezmarok II"]
[WhiteTeamCountry "SVK"]
[BlackTeamCountry "SVK"]

1. c4 d6 2. Nc3 f5 3. e4 Nf6 4. exf5 Bxf5 5. Qf3 Bc8 6. d4 g6 7. Bd3 Bg7 8. Nge2 0-0 9. Qg3 Nh5 10. Qe3 e5 11. d5 Nf4 12. Be4 Qg5 13. g3 Bh6 14. gxf4 exf4 15. Qd3 Nd7 16. Nd4 Nc5 17. Qe2 Nxe4 18. Nxe4 Qe5 19. Nf3 Qh5 20. Nfd2 f3 21. Qf1 Bh3 22. Qg1 Bg2 23. Kd1 Rae8 24. h4 Bxd2 25. Nxd2 Bxh1 26. Qxh1 Re2 27. Qh2 Qf5 28. a4 Rfe8 29. Qg1 Qd3 30. Ra3 Re1+ 0-1

[Event "SVK-chT2D 0910"]
[Site "Slovakia"]
[Date "2010.02.06"]
[Round "8.62"]
[White "Sromovsky, Jozef"]
[Black "Hujo, Jozef"]
[Result "1/2-1/2"]
[WhiteElo "2012"]
[BlackElo "2138"]
[PlyCount "66"]
[EventDate "2009.10.10"]
[EventType "team"]
[EventRounds "11"]
[EventCountry "SVK"]
[SourceTitle "EXT 2011"]
[Source "ChessBase"]
[SourceDate "2010.11.26"]
[SourceVersion "1"]
[SourceVersionDate "2010.11.26"]
[SourceQuality "1"]
[WhiteTeam "Kezmarok II"]
[BlackTeam "Michalovce Zemplin II"]
[WhiteTeamCountry "SVK"]
[BlackTeamCountry "SVK"]

1. Nf3 Nf6 2. b3 b6 3. Bb2 Bb7 4. d4 e6 5. Nbd2 Be7 6. e3 0-0 7. Be2 d5 8. 0-0 c5 9. c4 dxc4 10. bxc4 cxd4 11. exd4 Nbd7 12. Rc1 Rc8 13. a3 Qc7 14. Qb3 Qf4 15. Qe3 Bd6 16. Ne5 Qxe3 17. fxe3 Bxe5 18. dxe5 Ne4 19. Nxe4 Bxe4 20. Rf4 Nc5 21. Rd1 Rfd8 22. Bd4 Bc2 23. Rd2 Ba4 24. Rb2 Nb7 25. c5 bxc5 26. Rxb7 cxd4 27. Rfxf7 Rc1+ 28. Kf2 d3 29. Rxg7+ Kh8 30. Rxh7+ Kg8 31. Rbg7+ Kf8 32. Bh5 d2 33. Rf7+ Kg8 1/2-1/2

[Event "SVK-chT2D 0910"]
[Site "Slovakia"]
[Date "2010.01.10"]
[Round "7.3"]
[White "Sromovsky, Jozef"]
[Black "Krajnik, Richard"]
[Result "1-0"]
[WhiteElo "2012"]
[BlackElo "1885"]
[PlyCount "85"]
[EventDate "2009.10.10"]
[EventType "team"]
[EventRounds "11"]
[EventCountry "SVK"]
[SourceTitle "EXT 2011"]
[Source "ChessBase"]
[SourceDate "2010.11.26"]
[SourceVersion "1"]
[SourceVersionDate "2010.11.26"]
[SourceQuality "1"]
[WhiteTeam "Kezmarok II"]
[BlackTeam "Kosice Slavia IV"]
[WhiteTeamCountry "SVK"]
[BlackTeamCountry "SVK"]

1. Nf3 c5 2. c4 Nf6 3. b3 Nc6 4. Bb2 Qc7 5. Nc3 a6 6. e3 e6 7. Be2 Be7 8. 0-0 0-0 9. d4 cxd4 10. exd4 d6 11. Rc1 Bd7 12. Qc2 Rac8 13. a3 g6 14. b4 b6 15. Qd2 Qd8 16. Rfd1 Kg7 17. Rc2 h6 18. d5 Nb8 19. dxe6 fxe6 20. Bd3 e5 21. Bc1 Rh8 22. Nh4 e4 23. Bxe4 Nxe4 24. Qd4+ Bf6 25. Qxe4 Bxh4 26. Rcd2 Re8 27. Qd3 Bg5 28. Nd5 Ba4 29. Bb2+ Kh7 30. f4 Bxd1 31. Rxd1 Be7 32. f5 Bg5 33. fxg6+ Kg8 34. Qf5 Rc7 35. Nxc7 Qxc7 36. Qd5+ Kf8 37. Rf1+ Ke7 38. Rf7+ Kd8 39. Rxc7 Kxc7 40. g7 Re2 41. g8Q Nc6 42. Qa8 Nd8 43. Qa7+ 1-0

[Event "SVK-chT2D 0910"]
[Site "Slovakia"]
[Date "2009.11.07"]
[Round "3.4"]
[White "Hricik, Peter"]
[Black "Sromovsky, Jozef"]
[Result "1-0"]
[WhiteElo "1952"]
[BlackElo "2012"]
[PlyCount "31"]
[EventDate "2009.10.10"]
[EventType "team"]
[EventRounds "11"]
[EventCountry "SVK"]
[SourceTitle "EXT 2011"]
[Source "ChessBase"]
[SourceDate "2010.11.26"]
[SourceVersion "1"]
[SourceVersionDate "2010.11.26"]
[SourceQuality "1"]
[WhiteTeam "Magura Zborov"]
[BlackTeam "Kezmarok II"]
[WhiteTeamCountry "SVK"]
[BlackTeamCountry "SVK"]

1. e4 c5 2. c3 e5 3. Bc4 Nf6 4. d3 Be7 5. Ne2 a6 6. a4 d5 7. exd5 Nxd5 8. Qb3 Nf6 9. Bxf7+ Kf8 10. Bc4 Nc6 11. Ng3 Rb8 12. Qc2 h5 13. h4 Ng4 14. Qe2 Bxh4 15. Qf3+ Qf6 16. Rxh4 1-0